000
00300nam a22001337a 4500
020
_a
9780132128193
082
_a
620.3 RAO
100
_a
Rao, Singiresu S
_9
19105
245
_a
Mechanical vibrations
250
_a
5TH
260
_a
BOSTON
_b
PREBTICE HALL
_c
2011
300
_a
XX, 1084P
942
_c
BK
999
_c
576595
_d
576595